Sports Quiz

Random Sports or NBA Quiz

NBA All-Star and AP All-American 90's Quiz Stats

 Plays Quiz not verified by Sporcle

Score 0/41 Timer 08:00
0 Plays Today
College NBA All-Star % Correct
North CarolinaMichael Jordan
96.7%
Michigan StateMagic Johnson
95.8%
Nevada-Las VegasLarry Johnson
95.8%
HoustonHakeem Olajuwon
93.4%
NavyDavid Robinson
93.2%
Indiana StateLarry Bird
92.9%
GeorgetownPatrick Ewing
92.5%
Louisiana StateShaquille O'Neal
91.3%
MichiganChris Webber
90.6%
Wake ForestTim Duncan
90.6%
HoustonClyde Drexler
90.3%
GeorgetownAlonzo Mourning
87.5%
DukeGrant Hill
85.6%
IndianaIsiah Thomas
85.6%
CaliforniaJason Kidd
85.4%
Oregon StateGary Payton
83.7%
St. John's (NY)Chris Mullin
83.5%
North CarolinaJames Worthy
82.5%
GeorgetownDikembe Mutombo
79%
DukeChristian Laettner
78.8%
MemphisAnfernee Hardaway
77.4%
College NBA All-Star % Correct
MichiganJuwan Howard
74.1%
MichiganGlen Rice
72.9%
SyracuseDerrick Coleman
67.7%
GeorgiaDominique Wilkins
67.2%
KansasDanny Manning
66.7%
Georgia TechKenny Anderson
64.9%
North CarolinaBrad Daugherty
62.5%
Michigan StateSteve Smith
59%
CentenaryRobert Parish
57.1%
Georgia TechMark Price
52.8%
CincinnatiNick Van Exel
48.3%
ArizonaSean Elliott
46.5%
ClemsonHorace Grant
44.1%
TennesseeBernard King
44.1%
BradleyHersey Hawkins
40.6%
RiceRicky Pierce
40.6%
OklahomaMookie Blaylock
32.1%
Oregon StateA.C. Green
28.8%
ArkansasAlvin Robertson
21.9%
Kansas StateRolando Blackman
21%

You're not logged in!

Compare scores with friends on all Sporcle quizzes.
OR
Log In

Sporcle TV

Today on Sporcle TV


Watch our educational content, quiz creation guides, and fun videos on Sporcle TV.

Show Comments

Extras

Top Quizzes Today


Score Distribution

Your Account Isn't Verified!

In order to create a playlist on Sporcle, you need to verify the email address you used during registration. Go to your Sporcle Settings to finish the process.

Report this User

Report this user for behavior that violates our Community Guidelines.

Details: